01229nam a2200205 i 4500001000700000003000900007005001700016008004100033100006500074245005200139260006100191300009000252505027900342594017700621597001100798597002400809852004100833999001900874952013000893162983ES-MaACL20250722063155.0020919s1860 fr |||| | fre d1 aRavignan, Gustave-Xavier de La Croix de, d1795-1858917587610aConférences du Réverend Pére de Ravignan. aParis : bPoussielgue-Rusand, c1860 (eTours : fMame.) a4 v. (VII, 544 p. [1] h. de lám. plegada ms. ; 630 p. ; 596 p. ; 655 p.) ; c23 cm.8 aContiene: I. Conférences prêchées a notre-dame de Paris de 1837 a 1846 - II. Conférences prêchées a notre-dame de Paris de 1837 a 1846 - III. Conférences prêchées a notre-dame de Paris de 1837 a 1846 - IV. Le décalogue considéré comme loi de respect. aEl contenido del v. IV, según consta en el tít., es "Conférences de 1847 et discours divers"; el tít. que consta en la descripción consta en p.1, pero no en port. aAntep. aMarc. tip. en port.4 aES-MaACLjG-8326-29 z- Enc. hol. c162983d162983 001040708LIBXIXaATENEOMbATENEOMcSPP3d2008-01-17eSSCl0oG-8326-8329p1170764r2023-02-23 00:00:00w2023-02-23yMONANT